000 00521nam a2200217 454500
001 081553
003 BD-ChCU
008 Eng
020 _a185168252X
040 _aDLC
_cDLC
_dBD-ChCU
082 0 0 _a181.9/F176i
100 1 _aFakhry, MAjid
_bx
245 1 0 _aIslamic philosophy, theory and mysticism
_bA short introduction
250 _ax
260 _aEngland
_bOnworld Oxford
_c1997
300 _a159, X
504 _aIncludes
650 0 _aPhilosophy, Islamic
_bIslam
700 1 _ax
942 _2ddc
_cBK
999 _c81553
_d81553